[Event "COL-chT"]
[Site "Risaralda"]
[Date "2023.11.22"]
[Round "6.3"]
[White "Renteria Rodriguez, Henry"]
[Black "Valdeblanquez, Jeiner Jair"]
[Result "1/2-1/2"]
[WhiteElo "1810"]
[BlackElo "1972"]
[PlyCount "86"]
[EventDate "2023.11.19"]
[EventType "team-swiss"]
[EventRounds "7"]
[EventCountry "COL"]
[SourceTitle "CB49_2023"]
[SourceDate "2023.12.06"]
[SourceVersion "1"]
[SourceVersionDate "2023.12.06"]
[SourceQuality "1"]
[WhiteTeam "Choco"]
[BlackTeam "La Guajira"]
[WhiteTeamCountry "COL"]
[BlackTeamCountry "COL"]

1. d4 Nf6 2. c4 c5 3. Nf3 cxd4 4. Nxd4 e5 5. Nb5 d5 6. e3 a6 7. N5c3 d4 8. exd4 exd4 9. Ne2 Nc6 10. Nf4 Bb4+ 11. Bd2 0-0 12. Be2 Re8 13. 0-0 Bf5 14. Bd3 Bxd3 15. Nxd3 Bd6 16. Bg5 h6 17. Bh4 Re4 18. Bg3 Bxg3 19. hxg3 Qd6 20. Nd2 Re7 21. Nf3 Rae8 22. a3 Ne4 23. Nf4 a5 24. Qc2 Rd7 25. Rad1 Nf6 26. Rd3 g5 27. Ne2 Qc5 28. Rb3 Red8 29. Nc1 Ne5 30. Nxe5 Qxe5 31. Rb5 Qc7 32. Nd3 Rd5 33. Qb3 Rxb5 34. Qxb5 Ne4 35. Re1 Nd6 36. Qe5 Re8 37. Qxd4 Rxe1+ 38. Nxe1 Nxc4 39. Nd3 b5 40. Qd5 Qd6 41. Qxd6 Nxd6 42. b3 a4 43. bxa4 bxa4 1/2-1/2

[Event "COL-chT"]
[Site "Risaralda"]
[Date "2023.11.19"]
[Round "2.4"]
[White "Renteria Rodriguez, Henry"]
[Black "Amaya Martinez, Ramiro Orlando"]
[Result "1-0"]
[WhiteElo "1810"]
[BlackElo "1613"]
[PlyCount "65"]
[EventDate "2023.11.19"]
[EventType "team-swiss"]
[EventRounds "7"]
[EventCountry "COL"]
[SourceTitle "CB49_2023"]
[SourceDate "2023.12.06"]
[SourceVersion "1"]
[SourceVersionDate "2023.12.06"]
[SourceQuality "1"]
[WhiteTeam "Choco"]
[BlackTeam "Arauca"]
[WhiteTeamCountry "COL"]
[BlackTeamCountry "COL"]

1. d4 e6 2. c4 d5 3. Nc3 Nf6 4. Nf3 c5 5. e3 Nc6 6. Bd3 dxc4 7. Bxc4 cxd4 8. exd4 Be7 9. 0-0 0-0 10. Bf4 a6 11. a3 b5 12. Bd3 Nd5 13. Nxd5 Qxd5 14. Re1 Bb7 15. Be4 Qh5 16. Rc1 Rac8 17. Qd2 Rfd8 18. Qe3 Na5 19. Bc7 Nc4 20. Rxc4 Bxe4 21. Bxd8 Rxd8 22. Qxe4 bxc4 23. Qb7 Bf6 24. Qxa6 Qd5 25. Rc1 Bxd4 26. Rxc4 Bxb2 27. h3 Bxa3 28. Rd4 Ra8 29. Rxd5 Rxa6 30. Rd8+ Bf8 31. Ne5 Rd6 32. Nd7 Rxd7 33. Rxd7 1-0

[Event "Medellin Aristizabal Cup"]
[Site "Medellin"]
[Date "2019.06.23"]
[Round "4"]
[White "Renteria Rodriguez, Henry"]
[Black "Zapata Cuartas, Juan Carlos"]
[Result "0-1"]
[WhiteElo "1903"]
[BlackElo "2140"]
[PlyCount "76"]
[EventDate "2019.06.21"]
[EventType "swiss"]
[EventRounds "7"]
[EventCountry "COL"]
[SourceTitle "EXT 2020"]
[Source "ChessBase"]
[SourceDate "2019.10.17"]
[SourceVersion "1"]
[SourceVersionDate "2019.10.17"]
[SourceQuality "1"]

1. Nf3 Nf6 2. g3 b6 3. Bg2 Bb7 4. c4 c5 5. 0-0 e6 6. Nc3 a6 7. d4 cxd4 8. Nxd4 Bxg2 9. Kxg2 Qc7 10. b3 d5 11. Nf3 dxc4 12. Bf4 Qc6 13. bxc4 Nbd7 14. Rc1 Ba3 15. Rc2 0-0 16. Nb1 Bc5 17. Nbd2 e5 18. Bg5 e4 19. Ne1 e3+ 20. Ndf3 exf2 21. Nd3 Be7 22. Nxf2 Rfe8 23. Qd4 Bc5 24. Qh4 Bxf2 25. Rxf2 Re4 26. Qh3 Ng4 27. Rf1 Rae8 28. Kh1 Rxc4 29. Rd2 Ndf6 30. Bxf6 gxf6 31. Kg1 Qc5+ 32. e3 Nxe3 33. Rb1 Ng4+ 34. Kg2 Rce4 35. Rbb2 Qf5 36. Ng1 Ne3+ 37. Kh1 Qxh3 38. Nxh3 Nc4 0-1

[Event "COL-ch U2000"]
[Site "Pereira"]
[Date "2019.03.25"]
[Round "9"]
[White "Pinillo Canon, Silvana"]
[Black "Renteria Rodriguez, Henry"]
[Result "0-1"]
[WhiteElo "1730"]
[BlackElo "1931"]
[PlyCount "100"]
[EventDate "2019.03.21"]
[EventType "swiss"]
[EventRounds "9"]
[EventCountry "COL"]
[SourceTitle "CBM 189 Extra"]
[Source "ChessBase"]
[SourceDate "2019.06.03"]
[SourceVersion "1"]
[SourceVersionDate "2019.06.03"]
[SourceQuality "1"]

1. e4 e5 2. Nf3 Nc6 3. Bb5 a6 4. Ba4 Nf6 5. d3 Bc5 6. 0-0 b5 7. Bb3 0-0 8. c3 d6 9. Re1 Bg4 10. Nbd2 Qd7 11. Nf1 Bb6 12. h3 Bh5 13. Ng3 Bg6 14. Be3 Bxe3 15. fxe3 Na5 16. Bc2 c5 17. d4 Qc7 18. Kh1 Rac8 19. Rc1 Rfe8 20. Nh4 Nc4 21. Rb1 d5 22. Nxg6 hxg6 23. dxc5 Qxc5 24. Qd3 dxe4 25. Nxe4 Nxe4 26. Qxe4 Nd2 27. Qg4 Nxb1 28. Bxb1 Rcd8 29. Qe2 Rd6 30. Bc2 Red8 31. Rd1 Rxd1+ 32. Bxd1 Qd5 33. Bb3 Qd2 34. Qf3 Rf8 35. Qe4 Qd6 36. Kg1 Qf6 37. Bd5 Rd8 38. b3 Qf5 39. Qxf5 gxf5 40. c4 bxc4 41. Bxc4 a5 42. a4 Rd2 43. Kf1 g5 44. Be2 Rb2 45. Bc4 Kg7 46. Kg1 f4 47. exf4 gxf4 48. Kf1 f5 49. Bd5 e4 50. Bc4 Kf6 0-1

[Event "COL-ch U2000"]
[Site "Pereira"]
[Date "2019.03.24"]
[Round "6"]
[White "Benjumea, David"]
[Black "Renteria Rodriguez, Henry"]
[Result "1-0"]
[WhiteElo "1763"]
[BlackElo "1931"]
[PlyCount "54"]
[EventDate "2019.03.21"]
[EventType "swiss"]
[EventRounds "9"]
[EventCountry "COL"]
[SourceTitle "CBM 189 Extra"]
[Source "ChessBase"]
[SourceDate "2019.06.03"]
[SourceVersion "1"]
[SourceVersionDate "2019.06.03"]
[SourceQuality "1"]

1. e4 e5 2. Nf3 Nc6 3. Bb5 a6 4. Ba4 Nf6 5. d3 b5 6. Bb3 Bc5 7. Nc3 0-0 8. Bg5 h6 9. Be3 Qe7 10. Nd5 Nxd5 11. Bxd5 Bxe3 12. fxe3 Qb4+ 13. Qd2 Qd6 14. 0-0 Rb8 15. Nh4 Ne7 16. Bb3 Ng6 17. Nf5 Qb6 18. Qf2 Kh7 19. Qg3 d6 20. h4 Bxf5 21. exf5 Nf4 22. Kh2 Nh5 23. Qf3 Nf6 24. g4 e4 25. Qf4 Rbe8 26. d4 h5 27. g5 Ng4+ 1-0

[Event "COL-ch U2000"]
[Site "Pereira"]
[Date "2019.03.23"]
[Round "5"]
[White "Manzano Gomez, Valentina"]
[Black "Renteria Rodriguez, Henry"]
[Result "1-0"]
[WhiteElo "1506"]
[BlackElo "1931"]
[PlyCount "31"]
[EventDate "2019.03.21"]
[EventType "swiss"]
[EventRounds "9"]
[EventCountry "COL"]
[SourceTitle "CBM 189 Extra"]
[Source "ChessBase"]
[SourceDate "2019.06.03"]
[SourceVersion "1"]
[SourceVersionDate "2019.06.03"]
[SourceQuality "1"]

1. e4 e5 2. Nf3 Nc6 3. Bb5 a6 4. Ba4 Nf6 5. d4 exd4 6. 0-0 Bc5 7. e5 Nd5 8. Bb3 Nde7 9. Ng5 Nxe5 10. f4 d3+ 11. Kh1 h6 12. fxe5 hxg5 13. Bxf7+ Kf8 14. Qxd3 d5 15. Bxd5+ Ke8 16. Bf7+ 1-0

[Event "COL-chB U2000"]
[Site "Antioquia"]
[Date "2018.12.06"]
[Round "1"]
[White "Giraldo Aristizabal, Marlon"]
[Black "Renteria Rodriguez, Henry"]
[Result "1/2-1/2"]
[WhiteElo "1822"]
[BlackElo "1928"]
[PlyCount "38"]
[EventDate "2018.12.06"]
[EventType "swiss"]
[EventRounds "7"]
[EventCountry "COL"]
[SourceTitle "CBM 190 Extra"]
[Source "ChessBase"]
[SourceDate "2019.07.15"]
[SourceVersion "1"]
[SourceVersionDate "2019.07.15"]
[SourceQuality "1"]

1. e4 e5 2. Nf3 Nc6 3. d4 exd4 4. Nxd4 Bc5 5. Nb3 Bb6 6. Qe2 d6 7. Nc3 Nf6 8. Bg5 Be6 9. Nd5 Bxd5 10. exd5+ Ne7 11. 0-0-0 Nd7 12. f4 f6 13. Bh4 0-0 14. Qe6+ Rf7 15. Bd3 Nf8 16. Qg4 Neg6 17. Rhe1 Nxh4 18. Qxh4 Qd7 19. g4 Re8 1/2-1/2

[Event "COL pre olympic sf3"]
[Site "Dosquebradas"]
[Date "2018.06.04"]
[Round "10"]
[White "Otalora Pacheco, Carlos Eduardo"]
[Black "Renteria Rodriguez, Henry"]
[Result "0-1"]
[WhiteElo "2155"]
[BlackElo "1930"]
[PlyCount "102"]
[EventDate "2018.05.30"]
[EventType "swiss"]
[EventRounds "10"]
[EventCountry "COL"]
[SourceTitle "CBM 184 Extra"]
[Source "ChessBase"]
[SourceDate "2018.06.28"]
[SourceVersion "1"]
[SourceVersionDate "2018.06.28"]
[SourceQuality "1"]

1. d4 Nf6 2. Nf3 e6 3. c4 Bb4+ 4. Bd2 Qe7 5. g3 b6 6. Bg2 Bxd2+ 7. Qxd2 Bb7 8. Nc3 d6 9. 0-0 Nbd7 10. d5 e5 11. b4 0-0 12. e4 Ba6 13. Qd3 Nh5 14. Nd2 Qg5 15. Nb5 Bxb5 16. cxb5 Ndf6 17. Rac1 Ne8 18. Nf3 Qh6 19. Rc3 g6 20. Nh4 Qg5 21. Qe3 Qxe3 22. fxe3 a6 23. Ra3 a5 24. bxa5 Rxa5 25. Rxa5 bxa5 26. Rc1 Nhf6 27. Rc3 Nd7 28. Ra3 Nb6 29. Rxa5 Nc4 30. Ra7 Nxe3 31. Nf3 h6 32. Nd2 f5 33. a4 Nf6 34. Rxc7 fxe4 35. Rc1 Nxg2 36. Kxg2 e3 37. Nc4 Nxd5 38. Rc2 Rc8 39. Na3 Nc3 40. a5 e2 41. Rc1 Ra8 42. b6 Nd1 43. b7 Rf8 44. Nc2 Kg7 45. a6 g5 46. g4 e4 47. Ne1 Rf2+ 48. Kg1 Rf1+ 49. Kg2 Rxe1 50. Rc7+ Kg6 51. h4 Rg1+ 0-1

[Event "COL pre olympic sf3"]
[Site "Dosquebradas"]
[Date "2018.06.02"]
[Round "6"]
[White "Renteria Rodriguez, Henry"]
[Black "Orozco, Lina Yomayra"]
[Result "0-1"]
[WhiteElo "1930"]
[BlackElo "2051"]
[PlyCount "64"]
[EventDate "2018.05.30"]
[EventType "swiss"]
[EventRounds "10"]
[EventCountry "COL"]
[SourceTitle "CBM 184 Extra"]
[Source "ChessBase"]
[SourceDate "2018.06.28"]
[SourceVersion "1"]
[SourceVersionDate "2018.06.28"]
[SourceQuality "1"]

1. Nf3 c5 2. c4 b6 3. g3 Bb7 4. Bg2 g6 5. Nc3 Bg7 6. 0-0 Nf6 7. d4 cxd4 8. Nxd4 Bxg2 9. Kxg2 0-0 10. Bf4 Na6 11. Rc1 Re8 12. Nf3 Qc8 13. b3 Qb7 14. Kg1 Rac8 15. Qd2 Rc5 16. Rfd1 Rh5 17. Bg5 d6 18. Bxf6 Bxf6 19. Nd5 Bg7 20. g4 Rh3 21. Kg2 Rh6 22. g5 Rh5 23. Kg1 e5 24. e4 Nc5 25. Qe3 Qc8 26. Nc3 Qg4+ 27. Kf1 Rh3 28. Ke2 Ne6 29. Nd5 Nd4+ 30. Rxd4 exd4 31. Rg1 Qh5 32. Qd3 Rxf3 0-1

[Event "COL pre olympic sf3"]
[Site "Dosquebradas"]
[Date "2018.05.31"]
[Round "2"]
[White "Rivera, Ingris"]
[Black "Renteria Rodriguez, Henry"]
[Result "1-0"]
[WhiteElo "2216"]
[BlackElo "1930"]
[PlyCount "79"]
[EventDate "2018.05.30"]
[EventType "swiss"]
[EventRounds "10"]
[EventCountry "COL"]
[SourceTitle "CBM 184 Extra"]
[Source "ChessBase"]
[SourceDate "2018.06.28"]
[SourceVersion "1"]
[SourceVersionDate "2018.06.28"]
[SourceQuality "1"]

1. d4 Nf6 2. c4 e6 3. Nf3 Bb4+ 4. Bd2 Qe7 5. Nc3 0-0 6. e3 b6 7. Be2 Bb7 8. 0-0 d6 9. Rc1 Nbd7 10. a3 Bxc3 11. Bxc3 Ne4 12. b4 Nxc3 13. Rxc3 a5 14. Qb1 axb4 15. axb4 Ra7 16. h3 Rfa8 17. c5 bxc5 18. bxc5 dxc5 19. dxc5 Nxc5 20. Qb4 Ra2 21. Rxc5 Bd5 22. Bd1 Qd6 23. Rb5 Qd8 24. e4 Bc6 25. Rc5 Be8 26. Bb3 Ra1 27. Rcc1 R1a7 28. Rfd1 Qf6 29. e5 Qg6 30. Bc2 Qh6 31. Be4 c6 32. Qd2 Qh5 33. Bxc6 Bxc6 34. Rxc6 h6 35. Qc2 g5 36. Rc8+ Kg7 37. Rxa8 Rxa8 38. Qe4 Ra7 39. Kh2 Ra2 40. g4 1-0

[Event "Medellin Construct op"]
[Site "Medellin"]
[Date "2017.01.29"]
[Round "6"]
[White "Alvarez, Juan P"]
[Black "Renteria Rodriguez, Henry"]
[Result "1-0"]
[WhiteElo "2054"]
[BlackElo "1921"]
[PlyCount "33"]
[EventDate "2017.01.25"]
[EventType "swiss"]
[EventRounds "7"]
[EventCountry "COL"]
[SourceTitle "CBM 176 Extra"]
[Source "ChessBase"]
[SourceDate "2017.03.02"]
[SourceVersion "1"]
[SourceVersionDate "2017.03.02"]
[SourceQuality "1"]

1. e4 e5 2. Nf3 Nc6 3. Bc4 Bc5 4. b4 Bxb4 5. c3 Ba5 6. d4 exd4 7. 0-0 d3 8. Qb3 Qf6 9. e5 Qg6 10. Ba3 Nge7 11. Nd4 Nxd4 12. cxd4 d5 13. exd6 Bh3 14. Qxb7 0-0 15. dxe7 c6 16. exf8Q+ Rxf8 17. Bxf7+ 1-0

[Event "Medellin Cuartas Memorial"]
[Site "Medellin"]
[Date "2011.08.06"]
[Round "5"]
[White "Loaiza, Yurani"]
[Black "Renteria Rodriguez, Henry"]
[Result "0-1"]
[WhiteElo "1991"]
[BlackElo "1882"]
[PlyCount "106"]
[EventDate "2011.08.03"]
[EventType "swiss"]
[EventRounds "8"]
[EventCountry "COL"]
[SourceTitle "CBM 144 Extra"]
[Source "ChessBase"]
[SourceDate "2011.10.28"]
[SourceVersion "1"]
[SourceVersionDate "2011.10.28"]
[SourceQuality "1"]

1. e4 e5 2. Nf3 Nc6 3. Bb5 a6 4. Bxc6 dxc6 5. Nc3 Bg4 6. h3 Bxf3 7. Qxf3 Nf6 8. d3 Be7 9. Qg3 Qd6 10. Be3 0-0 11. 0-0-0 b5 12. Qf3 a5 13. d4 a4 14. Qf5 exd4 15. e5 Qd7 16. Qf3 Nd5 17. Bxd4 Qe6 18. Qg4 Nxc3 19. Qxe6 Bg5+ 20. Be3 Bxe3+ 21. fxe3 fxe6 22. bxc3 Rad8 23. Rxd8 Rxd8 24. Rd1 Rxd1+ 25. Kxd1 Kf7 26. Kd2 Kg6 27. Kd3 c5 28. Ke4 Kf7 29. g4 g5 30. Kd3 Ke7 31. c4 c6 32. Kc3 Kd7 33. Kb2 Kc7 34. Ka3 Kb6 35. c3 Ka5 36. Kb2 b4 37. Kc2 Ka6 38. Kb2 a3+ 39. Kc2 Kb6 40. Kb1 Ka5 41. Kc2 Ka4 42. Kc1 bxc3 43. Kc2 Kb4 44. Kd3 c2 45. Kxc2 Kxc4 46. Kd2 Kd5 47. Kc3 Kxe5 48. Kb3 Ke4 49. Kxa3 Kxe3 50. Kb3 Kd3 51. a4 c4+ 52. Kb2 Kd2 53. a5 c3+ 0-1

[Event "Medellin Cuartas Memorial"]
[Site "Medellin"]
[Date "2011.08.06"]
[Round "6"]
[White "Renteria Rodriguez, Henry"]
[Black "Mesa, Francisco Alonso Jr"]
[Result "1-0"]
[WhiteElo "1882"]
[BlackElo "1968"]
[PlyCount "47"]
[EventDate "2011.08.03"]
[EventType "swiss"]
[EventRounds "8"]
[EventCountry "COL"]
[SourceTitle "CBM 144 Extra"]
[Source "ChessBase"]
[SourceDate "2011.10.28"]
[SourceVersion "1"]
[SourceVersionDate "2011.10.28"]
[SourceQuality "1"]

1. Nf3 c5 2. g3 Nc6 3. d4 cxd4 4. Nxd4 Nf6 5. Bg2 d5 6. 0-0 e5 7. Nxc6 bxc6 8. c4 e4 9. Nc3 Be7 10. Bg5 0-0 11. cxd5 cxd5 12. Bxf6 Bxf6 13. Qxd5 Bxc3 14. Qxa8 Bxb2 15. Rab1 Qf6 16. Qxa7 Bd4 17. Qa8 Be5 18. Qa4 e3 19. fxe3 Qh6 20. Qe4 Bf6 21. Rb8 Bg5 22. Qd5 Be6 23. Rxf8+ Kxf8 24. Qd6+ 1-0

[Event "Medellin op Experts"]
[Site "Medellin"]
[Date "2011.04.21"]
[Round "2.11"]
[White "Renteria Rodriguez, Henry"]
[Black "Dominguez, Laura Lucia"]
[Result "1/2-1/2"]
[WhiteElo "1882"]
[BlackElo "1965"]
[PlyCount "52"]
[EventDate "2011.04.20"]
[EventType "swiss"]
[EventRounds "9"]
[EventCountry "COL"]
[SourceTitle "EXT 2024"]
[Source "ChessBase"]
[SourceDate "2023.10.10"]
[SourceVersion "1"]
[SourceVersionDate "2023.10.10"]
[SourceQuality "1"]

1. d4 Nf6 2. c4 g6 3. Nf3 Bg7 4. g3 0-0 5. Bg2 d6 6. 0-0 c6 7. Nc3 Qa5 8. Bg5 Nbd7 9. Qd2 Re8 10. Rac1 e5 11. Bh6 e4 12. Ne1 Bh8 13. Nc2 Nf8 14. Nxe4 Qxd2 15. Nxf6+ Bxf6 16. Bxd2 Rxe2 17. Be3 Bf5 18. Na1 Rxb2 19. a3 Re8 20. h3 h5 21. Rc3 c5 22. Rb3 Rxb3 23. Nxb3 b6 24. Bf4 Ne6 25. Re1 Rd8 26. Bc1 cxd4 1/2-1/2

[Event "Medellin Amateur 17th"]
[Site "Medellin"]
[Date "2010.08.08"]
[Round "8.6"]
[White "Renteria Rodriguez, Henry"]
[Black "Taborda, Miguel Angel"]
[Result "1-0"]
[WhiteElo "1596"]
[BlackElo "1726"]
[PlyCount "81"]
[EventDate "2010.08.04"]
[EventType "swiss"]
[EventRounds "9"]
[EventCountry "COL"]
[SourceTitle "EXT 2024"]
[Source "ChessBase"]
[SourceDate "2023.10.10"]
[SourceVersion "1"]
[SourceVersionDate "2023.10.10"]
[SourceQuality "1"]

1. d4 d5 2. c4 c6 3. e3 Nf6 4. Nf3 e6 5. Bd3 Be7 6. Nc3 Nbd7 7. 0-0 Qc7 8. e4 dxc4 9. Bxc4 b6 10. Bg5 a5 11. Qe2 b5 12. Bd3 Nb6 13. Rac1 Qd8 14. Rfd1 h6 15. Bxf6 Bxf6 16. d5 b4 17. Nb1 cxd5 18. exd5 Nxd5 19. Bb5+ Kf8 20. Bc6 Ba6 21. Qe4 Rc8 22. Ne5 Kg8 23. Nd2 Bxe5 24. Qxe5 Qf6 25. Nf3 Nf4 26. Qxa5 Bb7 27. Qb5 Bxc6 28. Rxc6 Rxc6 29. Qxc6 Qxb2 30. Qe8+ Kh7 31. Qxf7 Rd8 32. Rf1 Ne2+ 33. Kh1 Qxa2 34. h4 Qc4 35. Ra1 b3 36. Ra7 Qg4 37. Ng5+ Qxg5 38. hxg5 Rg8 39. g6+ Kh8 40. Qxg8+ Kxg8 41. Ra8# 1-0